[Event "20MCR_F"]
[Site "?"]
[Date "????.??.??"]
[Round "?"]
[White "Valak, Alois"]
[Black "Hladecek, Miloslav"]
[Result "1-0"]
[WhiteElo "2372"]
[BlackElo "2342"]
[PlyCount "115"]
[EventDate "2008.??.??"]
[EventType "corr"]
[SourceDate "2008.05.08"]

1. e4 e5 2. Nf3 Nc6 3. Bb5 a6 4. Ba4 Nf6 5. O-O Be7 6. Re1 b5 7. Bb3 d6 8. c3
O-O 9. h3 Na5 10. Bc2 c5 11. d4 cxd4 12. cxd4 Bb7 13. d5 Nd7 14. b3 Rc8 15. Bd2
Qc7 16. Bd3 Nc5 17. Bb4 f5 18. Nc3 Nxd3 19. Qxd3 Ba8 20. exf5 Nb7 21. Rac1 Nc5
22. Bxc5 Qxc5 23. Red1 Qb6 24. g4 Qb7 25. a3 Bd8 26. Rb1 Rc5 27. Nd2 Rxc3 28.
Qxc3 Qxd5 29. f3 Qb7 30. Kg2 g6 31. Ne4 d5 32. Nc5 Qc6 33. b4 Re8 34. Re1 d4
35. Qb3+ Kh8 36. Ne6 Qd6 37. Nxd8 Qxd8 38. Rbd1 Bc6 39. Qd3 Qh4 40. Re2 Bd5 41.
fxg6 Rf8 42. Rf1 h5 43. Re4 Qf6 44. gxh5 Kg7 45. Rg4 Bc4 46. Qb1 d3 47. h6+
Kxh6 48. Qc1+ Kg7 49. Qe3 Rc8 50. h4 Kg8 51. Rg5 Re8 52. Re1 Re7 53. h5 Bd5 54.
h6 Bxf3+ 55. Kg1 e4 56. Rc1 Re8 57. Rg3 Qe5 58. Rg2 1-0

[Event "20MCR_F"]
[Site "?"]
[Date "????.??.??"]
[Round "?"]
[White "Zahour, Jiri"]
[Black "Hybl, Vladislav"]
[Result "1/2-1/2"]
[WhiteElo "2310"]
[BlackElo "2315"]
[PlyCount "75"]
[EventDate "2008.??.??"]
[EventType "corr"]
[SourceDate "2008.05.08"]

1. e4 e6 2. d3 d5 3. Nd2 Nf6 4. Ngf3 b6 5. Be2 Be7 6. e5 Nfd7 7. c4 c5 8. cxd5
exd5 9. d4 O-O 10. dxc5 bxc5 11. Nb3 Bb7 12. O-O a5 13. a4 Qc7 14. Bf4 Nc6 15.
Rc1 c4 16. Nbd4 Nxd4 17. Nxd4 Nxe5 18. Nb5 Nf3+ 19. Bxf3 Qxf4 20. Bxd5 Rad8 21.
Qf3 Qxf3 22. Bxf3 Bxf3 23. gxf3 Rd2 24. Na7 Rxb2 25. Nc6 Bb4 26. Rxc4 g6 27.
Nxb4 axb4 28. Rd1 Rb8 29. Rd7 b3 30. Rcc7 Rc2 31. Rb7 Rxb7 32. Rxb7 Ra2 33.
Rxb3 Rxa4 34. Re3 Kg7 35. Kg2 h5 36. Re4 Ra5 37. h4 Kf6 38. Kg3 1/2-1/2

[Event "20MCR_F"]
[Site "?"]
[Date "????.??.??"]
[Round "?"]
[White "Hybl, Vladislav"]
[Black "Popelka, Miloslav"]
[Result "1/2-1/2"]
[WhiteElo "2310"]
[BlackElo "2161"]
[PlyCount "66"]
[EventDate "2008.??.??"]
[EventType "corr"]
[SourceDate "2008.05.08"]

1. e4 c5 2. Nf3 d6 3. d4 cxd4 4. Nxd4 Nf6 5. Nc3 a6 6. Be3 Ng4 7. Bc1 Nf6 8.
Be2 e5 9. Nb3 Be7 10. O-O O-O 11. Be3 Be6 12. Nd5 Nbd7 13. Qd3 Bxd5 14. exd5
Re8 15. c4 Bf8 16. Rac1 g6 17. Rfd1 a5 18. a4 b6 19. Rc3 Bg7 20. Bg5 Qc7 21.
Qc2 Nc5 22. Nxc5 bxc5 23. h4 h5 24. Rb3 Nh7 25. Bd2 Qd8 26. g3 e4 27. Re1 Bd4
28. Kg2 Nf8 29. Bd1 f5 30. f3 exf3+ 31. Rxf3 Rxe1 32. Bxe1 Nd7 33. Bd2 Qe7
1/2-1/2

[Event "20MCR_F"]
[Site "?"]
[Date "????.??.??"]
[Round "?"]
[White "Hladecek, Miloslav"]
[Black "Mateka, Petr"]
[Result "1/2-1/2"]
[WhiteElo "2342"]
[BlackElo "2330"]
[PlyCount "72"]
[EventDate "2008.??.??"]
[EventType "corr"]
[SourceDate "2008.05.08"]

1. e4 e5 2. Nf3 Nc6 3. Bb5 a6 4. Ba4 Nf6 5. O-O Be7 6. d4 exd4 7. Re1 b5 8. Bb3
d6 9. Bd5 Nxd5 10. exd5 Ne5 11. Nxd4 O-O 12. a4 Bg4 13. Qd2 Bd7 14. Nc3 b4 15.
Ne4 Qb8 16. c4 Nxc4 17. Qc2 Ne5 18. Bg5 f6 19. Bf4 b3 20. Nxb3 Qb7 21. Bxe5
fxe5 22. Qc4 Rf7 23. Na5 Qb6 24. b4 Raf8 25. Re2 Rb8 26. Rb2 Qd4 27. Qxd4 exd4
28. Rd1 Bxa4 29. Rxd4 g6 30. Ra2 Be8 31. Rc2 Bf8 32. Ng5 Bg7 33. Re4 Rf5 34. h4
Rxd5 35. Rxc7 Rd1+ 36. Kh2 Rf1 1/2-1/2

[Event "20MCR_F"]
[Site "?"]
[Date "????.??.??"]
[Round "?"]
[White "Kuta, Jiri"]
[Black "Laurenc, Petr"]
[Result "1/2-1/2"]
[WhiteElo "2360"]
[BlackElo "2414"]
[PlyCount "99"]
[EventDate "2008.??.??"]
[EventType "corr"]
[SourceDate "2008.05.08"]

1. e4 e5 2. Nf3 Nc6 3. Bb5 a6 4. Ba4 Nf6 5. O-O Be7 6. Re1 b5 7. Bb3 d6 8. c3
O-O 9. h3 Na5 10. Bc2 c5 11. d4 Qc7 12. Nbd2 cxd4 13. cxd4 Nc6 14. Nb3 a5 15.
Be3 a4 16. Nbd2 Bd7 17. Rc1 Rac8 18. Nf1 Qb7 19. Ng3 Rc7 20. Bb1 g6 21. d5 Nb8
22. Rxc7 Qxc7 23. Bd3 Na6 24. Qe2 Qb8 25. Rc1 Nb4 26. Bb1 Rc8 27. Qd2 Na6 28.
b3 axb3 29. axb3 Rxc1+ 30. Qxc1 Qc7 31. Qa3 Nc5 32. Kh2 Kg7 33. Qc1 Na6 34. Qb2
Qa5 35. Bd2 b4 36. Nxe5 dxe5 37. Qxe5 Qd8 38. d6 Bf8 39. Qd4 Be6 40. Bg5 h6 41.
Bh4 Qxd6 42. Bxf6+ Kg8 43. Bc2 Qxd4 44. Bxd4 Nc5 45. Bxc5 Bxc5 46. f4 Be3 47.
Ne2 f5 48. exf5 gxf5 49. g3 Bd5 50. Ng1 1/2-1/2

[Event "20MCR_F"]
[Site "?"]
[Date "????.??.??"]
[Round "?"]
[White "Pravec, Ladislav"]
[Black "Hybl, Vladislav"]
[Result "1/2-1/2"]
[WhiteElo "2363"]
[BlackElo "2315"]
[PlyCount "57"]
[EventDate "2008.??.??"]
[EventType "corr"]
[SourceDate "2008.05.08"]

1. d4 Nf6 2. c4 e6 3. Nf3 d5 4. Nc3 c6 5. e3 Nbd7 6. Bd3 dxc4 7. Bxc4 b5 8. Bd3
Bb7 9. O-O a6 10. e4 c5 11. d5 Qc7 12. dxe6 fxe6 13. Bc2 Bd6 14. Ng5 Nf8 15. f4
O-O-O 16. Qe2 h6 17. Nf3 Bxf4 18. e5 Bxf3 19. Qxf3 Bxe5 20. Qa8+ Kd7 21. Qxa6
Bxh2+ 22. Kh1 Ke7 23. Rf3 Qe5 24. Be3 b4 25. Nb5 Bg3 26. Kg1 Kf7 27. Raf1 Kg8
28. Na7 Bh2+ 29. Kh1 1/2-1/2

[Event "20MCR_F"]
[Site "?"]
[Date "????.??.??"]
[Round "?"]
[White "Kuta, Jiri"]
[Black "Valak, Alois"]
[Result "1-0"]
[WhiteElo "2360"]
[BlackElo "2372"]
[PlyCount "123"]
[EventDate "2008.??.??"]
[EventType "corr"]
[SourceDate "2008.05.08"]

1. e4 e5 2. Nf3 Nc6 3. Bb5 a6 4. Ba4 Nf6 5. O-O Be7 6. Re1 b5 7. Bb3 d6 8. c3
O-O 9. h3 Na5 10. Bc2 c5 11. d4 Qc7 12. Nbd2 cxd4 13. cxd4 Bb7 14. d5 Rac8 15.
Bd3 Nd7 16. Nf1 f5 17. Ng3 f4 18. Nf5 Bd8 19. b3 g6 20. Nh6+ Kg7 21. Ng4 h5 22.
Ngh2 Nc5 23. Bf1 b4 24. Bd2 Qb6 25. Rb1 Bf6 26. a3 Nc6 27. dxc6 Bxc6 28. Bxb4
Nxe4 29. Qe2 a5 30. Bd2 Nxd2 31. Nxd2 d5 32. b4 e4 33. Rec1 axb4 34. Rxb4 Qd8
35. Nb3 Qe7 36. Qd2 e3 37. Qe2 d4 38. Rcc4 d3 39. Qxd3 exf2+ 40. Kh1 Qe3 41.
Rxf4 Qxd3 42. Bxd3 Be7 43. Rxf8 Bxf8 44. Rc4 Bxa3 45. Nf1 Bd7 46. Rxc8 Bxc8 47.
Nbd2 Bb7 48. Ne4 Bxe4 49. Bxe4 h4 50. g4 hxg3 51. Nxg3 Bd6 52. Nf1 Kf6 53. Kg2
Bc5 54. Nd2 Be3 55. Nc4 Bd4 56. Bd3 Kg5 57. Kg3 Kh6 58. Kg4 Kg7 59. Nd6 Kf6 60.
Ne4+ Ke6 61. Kg5 Kf7 62. Kh6 1-0

[Event "20MCR_F"]
[Site "?"]
[Date "????.??.??"]
[Round "?"]
[White "Boukal, Petr"]
[Black "Zahour, Jiri"]
[Result "1-0"]
[WhiteElo "2416"]
[BlackElo "2310"]
[PlyCount "85"]
[EventDate "2008.??.??"]
[EventType "corr"]
[SourceDate "2008.05.08"]

1. e4 c5 2. Nf3 Nc6 3. Bb5 e6 4. O-O Nge7 5. c3 a6 6. Ba4 b5 7. Bc2 Bb7 8. d4
cxd4 9. Nxd4 Nxd4 10. cxd4 Rc8 11. Nc3 g6 12. Bg5 Bg7 13. Qd2 O-O 14. Rac1 Re8
15. Rfd1 f6 16. Be3 f5 17. f3 fxe4 18. fxe4 Qa5 19. a3 d5 20. e5 Qb6 21. h4 Nf5
22. h5 gxh5 23. Ne2 Rxc2 24. Rxc2 Bxe5 25. Bf4 Bg7 26. Bc7 Qa7 27. Qg5 Bc8 28.
Be5 Qf7 29. Nf4 h6 30. Qxh5 Bd7 31. Rc7 Re7 32. Bxg7 Kxg7 33. g4 Be8 34. gxf5
Rxc7 35. Nxe6+ Kg8 36. Qg4+ Qg7 37. Nxg7 Rxg7 38. Qg2 Kf7 39. Re1 Rxg2+ 40.
Kxg2 Bd7 41. Rh1 Bxf5 42. Rxh6 Bg6 43. Kg3 1-0

[Event "20MCR_F"]
[Site "?"]
[Date "????.??.??"]
[Round "?"]
[White "Boukal, Petr"]
[Black "Sykora, Josef"]
[Result "1-0"]
[WhiteElo "2416"]
[BlackElo "2352"]
[PlyCount "87"]
[EventDate "2008.??.??"]
[EventType "corr"]
[SourceDate "2008.05.08"]

1. e4 e6 2. d3 c5 3. Nf3 Nc6 4. g3 g6 5. Bg2 Bg7 6. h4 d5 7. Qe2 Nf6 8. exd5
Nxd5 9. h5 Qb6 10. c4 Nde7 11. h6 Bf6 12. Nc3 O-O 13. Ne4 Bh8 14. Be3 Qb4+ 15.
Bd2 Qxb2 16. O-O Nf5 17. Rfb1 Qc2 18. Rc1 Qb2 19. Rab1 Qa3 20. Bg5 f6 21. Bf4
e5 22. Be3 b6 23. Nc3 Rb8 24. Nb5 Qa6 25. Ng5 Nfe7 26. Nc7 Qb7 27. Nge6 Rf7 28.
Bxc5 Bxe6 29. Nxe6 Qd7 30. Bxe7 Rxe7 31. Nc5 Nd4 32. Qd1 Qd6 33. Ne4 Qd8 34.
Nc3 f5 35. c5 Bf6 36. Nd5 Rf7 37. c6 Qd6 38. c7 Rc8 39. Qa4 Ne2+ 40. Kh2 Nxc1
41. Rxc1 Bg5 42. Rc2 Bxh6 43. Rc6 Qf8 44. Qxa7 1-0

[Event "20MCR_F"]
[Site "?"]
[Date "????.??.??"]
[Round "?"]
[White "Mateka, Petr"]
[Black "Laurenc, Petr"]
[Result "1/2-1/2"]
[WhiteElo "2330"]
[BlackElo "2414"]
[PlyCount "98"]
[EventDate "2008.??.??"]
[EventType "corr"]
[SourceDate "2008.05.08"]

1. e4 e5 2. Nf3 Nc6 3. Bb5 a6 4. Ba4 Nf6 5. O-O Be7 6. Re1 b5 7. Bb3 d6 8. c3
O-O 9. h3 Na5 10. Bc2 c5 11. d4 Qc7 12. Nbd2 cxd4 13. cxd4 Nc6 14. Nb3 a5 15.
Be3 a4 16. Nbd2 Bd7 17. Rc1 Rac8 18. Nf1 Qb7 19. Ng3 Rc7 20. b3 axb3 21. Bxb3
Rfc8 22. Rc2 g6 23. Bg5 Qb6 24. Qc1 Nxd4 25. Nxd4 exd4 26. Rxc7 Qxc7 27. Qf4
Qc3 28. Rd1 d3 29. Qf3 Be6 30. Rxd3 Qe1+ 31. Nf1 Qa1 32. Bf4 Nh5 33. Bd2 Qe5
34. Bd5 Rc5 35. g3 Qf6 36. Qd1 Bxd5 37. exd5 Qb2 38. a4 bxa4 39. Qxa4 Qb5 40.
Qa8+ Bf8 41. Ra3 Qd7 42. Ra7 Rc8 43. Rxd7 Rxa8 44. Bg5 h6 45. Rd8 Rxd8 46. Bxd8
Bg7 47. Kg2 Kf8 48. f4 f5 49. Kf3 Ke8 1/2-1/2

[Event "20MCR_F"]
[Site "?"]
[Date "????.??.??"]
[Round "?"]
[White "Nedoma, Petr"]
[Black "Hladecek, Miloslav"]
[Result "1/2-1/2"]
[WhiteElo "2323"]
[BlackElo "2342"]
[PlyCount "69"]
[EventDate "2008.??.??"]
[EventType "corr"]
[SourceDate "2008.05.08"]

1. e4 e5 2. Nf3 Nf6 3. Nxe5 d6 4. Nf3 Nxe4 5. d4 Be7 6. Bd3 Nf6 7. O-O O-O 8.
Re1 Re8 9. Bg5 Nc6 10. c3 Be6 11. Bc2 Nd5 12. Qd3 g6 13. Bxe7 Rxe7 14. Nbd2 Nb6
15. Ne4 Kg7 16. Ng3 Qf8 17. Ng5 Rae8 18. Nxe6+ Rxe6 19. Re3 d5 20. Rxe6 Rxe6
21. Qd2 Ne7 22. b3 Ng8 23. a4 Nf6 24. f3 Nbd7 25. Ne2 Re8 26. Nf4 Qd6 27. a5 c5
28. g3 cxd4 29. cxd4 Nf8 30. Bd3 Ne6 31. Nxe6+ Qxe6 32. Kg2 Re7 33. Rc1 Ne8 34.
Qf4 Qf6 35. Qxf6+ 1/2-1/2

[Event "20MCR_F"]
[Site "?"]
[Date "????.??.??"]
[Round "?"]
[White "Nedoma, Petr"]
[Black "Pravec, Ladislav"]
[Result "1/2-1/2"]
[WhiteElo "2323"]
[BlackElo "2363"]
[PlyCount "90"]
[EventDate "2008.??.??"]
[EventType "corr"]
[SourceDate "2008.05.08"]

1. e4 c5 2. Nf3 d6 3. d4 cxd4 4. Nxd4 Nf6 5. Nc3 a6 6. Be3 g6 7. f3 Qc7 8. g4
h6 9. Qd2 Nc6 10. Rg1 Nxd4 11. Bxd4 e5 12. Be3 Be6 13. Nd5 Nxd5 14. exd5 Bd7
15. O-O-O h5 16. Kb1 hxg4 17. fxg4 Rc8 18. Rc1 Rh4 19. h3 Rh7 20. Qg2 Bh6 21.
Bxh6 Rxh6 22. Bd3 Rh7 23. Rgf1 Qc5 24. Rf6 Bb5 25. c4 Qd4 26. Qf1 Ke7 27. g5
Be8 28. Re1 Qc5 29. Re4 b5 30. h4 Kd8 31. b3 a5 32. Qe1 bxc4 33. Rxc4 Qb6 34.
Re4 Qc5 35. Kb2 Qxd5 36. Bc4 Qc5 37. Qd2 Ke7 38. h5 Rxh5 39. Be2 Bd7 40. Bxh5
gxh5 41. Rc4 Qb6 42. Rxc8 Bxc8 43. Rh6 Bg4 44. g6 fxg6 45. Rxg6 Qc5 1/2-1/2

[Event "20MCR_F"]
[Site "?"]
[Date "????.??.??"]
[Round "?"]
[White "Valak, Alois"]
[Black "Popelka, Miloslav"]
[Result "1-0"]
[WhiteElo "2372"]
[BlackElo "2161"]
[PlyCount "115"]
[EventDate "2008.??.??"]
[EventType "corr"]
[SourceDate "2008.05.08"]

1. e4 c5 2. Nf3 d6 3. d4 cxd4 4. Nxd4 Nf6 5. Nc3 a6 6. Bg5 e6 7. f4 Qb6 8. Nb3
Nbd7 9. Qf3 Be7 10. O-O-O Qc7 11. Bd3 h6 12. Bh4 b5 13. a3 Bb7 14. Kb1 Rc8 15.
Qh3 Nb6 16. Rhf1 Nc4 17. Bxc4 bxc4 18. Nd2 Rb8 19. g4 Ba8 20. Ka1 d5 21. e5 Nd7
22. Bxe7 Kxe7 23. Ne2 Rhc8 24. c3 Nc5 25. f5 Qxe5 26. Nd4 Rf8 27. N2f3 Qd6 28.
Rfe1 Kd8 29. g5 Kc7 30. gxh6 gxh6 31. Ne5 Rbe8 32. Qh5 exf5 33. Nxf7 Qd7 34.
Nxh6 f4 35. Nhf5 Bb7 36. Qh6 Nd3 37. Rxe8 Rxe8 38. Qf6 Re5 39. Ka2 Kb8 40. h4
Re8 41. h5 Qd8 42. Qxd8+ Rxd8 43. h6 Rh8 44. Rg1 Ne5 45. Rg7 f3 46. Nxf3 Nxf3
47. h7 Rxh7 48. Rxh7 Ng5 49. Rh5 Ne6 50. Ne7 Nc7 51. b3 Nb5 52. Kb2 d4 53. bxc4
Nxc3 54. Re5 Ne4 55. Kc2 Nf2 56. Nd5 Bc8 57. Re8 d3+ 58. Kd2 1-0

[Event "20MCR_F"]
[Site "?"]
[Date "????.??.??"]
[Round "?"]
[White "Hladecek, Miloslav"]
[Black "Boukal, Petr"]
[Result "1/2-1/2"]
[WhiteElo "2342"]
[BlackElo "2416"]
[PlyCount "79"]
[EventDate "2008.??.??"]
[EventType "corr"]
[SourceDate "2008.05.08"]

1. e4 e6 2. d4 d5 3. Nc3 Bb4 4. e5 c5 5. a3 Bxc3+ 6. bxc3 Ne7 7. Qg4 O-O 8. Bd3
Nbc6 9. Qh5 Ng6 10. Nf3 Qc7 11. O-O c4 12. Bxg6 fxg6 13. Qh3 Ne7 14. a4 Qa5 15.
Ba3 Re8 16. Bb4 Qd8 17. a5 Nc6 18. Qg3 Bd7 19. a6 b6 20. Bd6 Ne7 21. Qg4 Nf5
22. Bb4 Bc6 23. Ra2 Qd7 24. h4 Nh6 25. Qh3 Qf7 26. Qh2 Qf5 27. Ng5 Nf7 28. Nxf7
Qxf7 29. Re1 Rad8 30. Re3 Qf5 31. Rf3 Qg4 32. Qh3 Qxh3 33. Rxh3 Rd7 34. Ra1 h6
35. f3 Kh7 36. Kf2 Rf7 37. Bd6 Kg8 38. g4 Rd8 39. Ke3 Kh7 40. Kf2 1/2-1/2

[Event "20MCR_F"]
[Site "?"]
[Date "????.??.??"]
[Round "?"]
[White "Valak, Alois"]
[Black "Laurenc, Petr"]
[Result "0-1"]
[WhiteElo "2372"]
[BlackElo "2414"]
[PlyCount "122"]
[EventDate "2008.??.??"]
[EventType "corr"]
[SourceDate "2008.05.08"]

1. e4 e5 2. Nf3 Nc6 3. Bb5 a6 4. Ba4 Nf6 5. O-O Be7 6. Re1 b5 7. Bb3 d6 8. c3
O-O 9. h3 Na5 10. Bc2 c5 11. d4 Qc7 12. d5 Nc4 13. b3 Nb6 14. a4 c4 15. bxc4
bxa4 16. c5 dxc5 17. Bxa4 Bb7 18. Bb3 c4 19. Bc2 Ne8 20. Be3 f6 21. Nh4 Bc5 22.
Ra5 Bxe3 23. Rxe3 Nd6 24. Rg3 Nd7 25. Ra2 Nc5 26. Nd2 a5 27. Qf3 a4 28. Nf5
Nxf5 29. Qxf5 Bc8 30. Qh5 Nb3 31. Nb1 Kh8 32. Na3 Bd7 33. Bd1 Rab8 34. Bc2 Qc5
35. Qd1 Rfc8 36. Re3 Rb7 37. h4 h6 38. Qe1 Rcb8 39. Qf1 Na5 40. Qc1 Rb6 41. Bd1
Kh7 42. Re1 Nb7 43. Nc2 Rb3 44. Nb4 Qb6 45. Re3 Nd6 46. h5 Ra8 47. Ra1 Nb5 48.
Qd2 a3 49. Qc1 Qc5 50. Kh2 Ra4 51. Na2 Ra7 52. Nb4 Qb6 53. Kg1 Qa5 54. Kh2 Rb2
55. Nc2 Rb7 56. Be2 f5 57. exf5 Qd8 58. g4 Nd6 59. Kg1 Qh4 60. Kg2 R7b3 61. Bf3
Nxf5 0-1

[Event "20MCR_F"]
[Site "?"]
[Date "????.??.??"]
[Round "?"]
[White "Nedoma, Petr"]
[Black "Hybl, Vladislav"]
[Result "1/2-1/2"]
[WhiteElo "2323"]
[BlackElo "2315"]
[PlyCount "65"]
[EventDate "2008.??.??"]
[EventType "corr"]
[SourceDate "2008.05.08"]

1. e4 e6 2. d4 d5 3. Nc3 Nf6 4. e5 Nfd7 5. f4 c5 6. Nf3 Nc6 7. Be3 cxd4 8. Nxd4
Bc5 9. Qd2 O-O 10. O-O-O a6 11. Nb3 Bb4 12. Bd3 f6 13. exf6 Qxf6 14. Rdf1 b6
15. Nd4 Bb7 16. Nxc6 Bxc6 17. Bd4 Qe7 18. Rf3 Bc5 19. Rh3 h6 20. Ne2 e5 21.
fxe5 Nxe5 22. Re3 Nxd3+ 23. Qxd3 Qg5 24. h4 Qxg2 25. Qd1 Bxd4 26. Nxd4 Bb5 27.
Re7 Rf7 28. Rxf7 Kxf7 29. a3 Kg8 30. Nxb5 axb5 31. Re1 Rf8 32. Qd3 b4 33. axb4
1/2-1/2

[Event "20MCR_F"]
[Site "?"]
[Date "????.??.??"]
[Round "?"]
[White "Hladecek, Miloslav"]
[Black "Zahour, Jiri"]
[Result "1/2-1/2"]
[WhiteElo "2342"]
[BlackElo "2310"]
[PlyCount "127"]
[EventDate "2008.??.??"]
[EventType "corr"]
[SourceDate "2008.05.08"]

1. e4 c5 2. Nf3 Nc6 3. d4 cxd4 4. Nxd4 Nf6 5. Nc3 e5 6. Ndb5 d6 7. Nd5 Nxd5 8.
exd5 Ne7 9. c4 Nf5 10. Bd3 Be7 11. O-O a6 12. Nc3 O-O 13. f4 f6 14. Qc2 Qb6+
15. Kh1 g6 16. Rb1 Bd7 17. b3 Qa7 18. a4 Rac8 19. a5 Qc5 20. b4 Qa7 21. Bd2 Kh8
22. Rbe1 Kg8 23. Ne4 Nd4 24. Qb2 Bf5 25. Bc3 b5 26. Bxd4 exd4 27. cxb5 axb5 28.
Bxb5 Rb8 29. Bc6 Qxa5 30. b5 Bxe4 31. Rxe4 Bd8 32. Qxd4 f5 33. Re6 Qa3 34. h3
Bb6 35. Qa1 Qb4 36. Qb1 Qxb1 37. Rxb1 Bc5 38. g3 Rf7 39. Rb2 Ra7 40. Rbe2 Kf8
41. Kh2 Kg7 42. Kg2 Rc8 43. Rb2 Rb8 44. Rbe2 Rc8 45. Re7+ Kf8 46. Rxa7 Bxa7 47.
Rb2 Bd4 48. Rb1 Bb6 49. Ra1 Bc5 50. Ra6 Rb8 51. Kf3 Kf7 52. g4 fxg4+ 53. hxg4
Kg7 54. Kg3 Bb6 55. Ra1 Rf8 56. Ra4 Bc5 57. Ra6 Rb8 58. g5 h6 59. gxh6+ Kxh6
60. Ra1 Kg7 61. Re1 Rf8 62. Re7+ Rf7 63. Re6 Rf6 64. Re2 1/2-1/2

[Event "20MCR_F"]
[Site "?"]
[Date "????.??.??"]
[Round "?"]
[White "Nedoma, Petr"]
[Black "Boukal, Petr"]
[Result "1/2-1/2"]
[WhiteElo "2323"]
[BlackElo "2416"]
[PlyCount "56"]
[EventDate "2008.??.??"]
[EventType "corr"]
[SourceDate "2008.05.08"]

1. e4 e6 2. d4 d5 3. Nc3 Bb4 4. e5 c5 5. a3 Bxc3+ 6. bxc3 Ne7 7. Qg4 O-O 8. Bd3
Nbc6 9. Nf3 f5 10. Qg5 Qa5 11. Bd2 b6 12. O-O Qa4 13. Rfe1 Rb8 14. Rab1 c4 15.
Be2 Qxc2 16. Rbc1 Qa4 17. Ra1 Bd7 18. Ra2 Be8 19. Rea1 Qa6 20. a4 Qb7 21. Bc1
Qd7 22. Ba3 h6 23. Qh4 Rb7 24. Qh3 Bg6 25. Nh4 Bf7 26. f4 b5 27. axb5 Rxb5 28.
Bd1 Rfb8 1/2-1/2

[Event "20MCR_F"]
[Site "?"]
[Date "????.??.??"]
[Round "?"]
[White "Valak, Alois"]
[Black "Nedoma, Petr"]
[Result "1-0"]
[WhiteElo "2372"]
[BlackElo "2323"]
[PlyCount "109"]
[EventDate "2008.??.??"]
[EventType "corr"]
[SourceDate "2008.05.08"]

1. e4 e5 2. Nf3 d6 3. d4 exd4 4. Nxd4 a6 5. Nc3 Be7 6. Be2 Nf6 7. O-O O-O 8.
Bf4 Re8 9. Qd2 Bf8 10. f3 Nc6 11. Rad1 Nxd4 12. Qxd4 Be6 13. Rfe1 Be7 14. a4 c6
15. Bxd6 Bxd6 16. Qxd6 Qb6+ 17. Qd4 Qc7 18. Qe3 b5 19. b3 Nd7 20. f4 b4 21. Na2
a5 22. Bf3 Nf6 23. e5 Nd5 24. Bxd5 Bxd5 25. Nc1 f6 26. Nd3 Rad8 27. h3 fxe5 28.
Nxe5 Rf8 29. Re2 Rf6 30. Qd4 Qd6 31. Rd3 Rf5 32. g3 g5 33. Kh2 Rdf8 34. Rd1 Qe7
35. Rg1 Qf6 36. Qe3 Qd6 37. h4 h6 38. Qd3 Kh8 39. Re3 R5f6 40. h5 Kg8 41. Rge1
Qe6 42. Qd1 Qf5 43. Ng4 Rd6 44. Re5 Qf7 45. Kg1 Qa7+ 46. R1e3 Re6 47. Qd3 Rxe5
48. fxe5 Kh8 49. e6 Qg7 50. Re5 Qa7+ 51. Qe3 Qxe3+ 52. Nxe3 Kg7 53. Nxd5 cxd5
54. Rxd5 Kf6 55. Rxa5 1-0

[Event "20MCR_F"]
[Site "?"]
[Date "????.??.??"]
[Round "?"]
[White "Popelka, Miloslav"]
[Black "Boukal, Petr"]
[Result "1/2-1/2"]
[WhiteElo "2161"]
[BlackElo "2416"]
[PlyCount "73"]
[EventDate "2008.??.??"]
[EventType "corr"]
[SourceDate "2008.05.08"]

1. e4 e6 2. d4 d5 3. Nd2 c5 4. exd5 Qxd5 5. Ngf3 cxd4 6. Bc4 Qd6 7. O-O Nf6 8.
Nb3 Nc6 9. Nbxd4 Nxd4 10. Nxd4 a6 11. Bb3 Qc7 12. Qf3 Bd6 13. h3 O-O 14. Bg5
Nd7 15. c3 b5 16. Rad1 Bb7 17. Qg4 Nc5 18. Bf6 g6 19. Rfe1 Rfe8 20. Nf3 Nd7 21.
Bg5 Nc5 22. Bc2 Bd5 23. Qd4 Rac8 24. a3 Bf8 25. Qe3 Bg7 26. Nd2 f5 27. Bh6 Bxh6
28. Qxh6 e5 29. h4 e4 30. h5 Qg7 31. Qg5 Ne6 32. Qg3 Rcd8 33. Nf1 Qf6 34. Qh2
Nc5 35. hxg6 hxg6 36. Qc7 Rc8 37. Qf4 1/2-1/2

[Event "20MCR_F"]
[Site "?"]
[Date "????.??.??"]
[Round "?"]
[White "Boukal, Petr"]
[Black "Kuta, Jiri"]
[Result "1/2-1/2"]
[WhiteElo "2416"]
[BlackElo "2360"]
[PlyCount "73"]
[EventDate "2008.??.??"]
[EventType "corr"]
[SourceDate "2008.05.08"]

1. e4 e5 2. Nf3 Nc6 3. Bb5 a6 4. Ba4 Nf6 5. O-O Be7 6. Re1 b5 7. Bb3 O-O 8. d4
d6 9. c3 Bg4 10. d5 Na5 11. Bc2 c6 12. h3 Bc8 13. dxc6 Qc7 14. Nbd2 Qxc6 15.
Nf1 Nc4 16. Ng3 Re8 17. a4 Be6 18. Nf5 Bf8 19. Qe2 h6 20. Rd1 Na5 21. axb5 axb5
22. Nd2 Nc4 23. Rxa8 Rxa8 24. Qf3 Nd7 25. Nxc4 bxc4 26. Ne3 Ra2 27. Nd5 Bxd5
28. Rxd5 Be7 29. Qe2 Qa6 30. Rd1 Nf6 31. g3 Qc6 32. Kg2 Bd8 33. Qf3 Bb6 34. Qf5
Ne8 35. Qg4 Kf8 36. Qf5 Qb7 37. Qf3 1/2-1/2

[Event "20MCR_F"]
[Site "?"]
[Date "????.??.??"]
[Round "?"]
[White "Laurenc, Petr"]
[Black "Alexa, Jaroslav"]
[Result "1-0"]
[WhiteElo "2414"]
[BlackElo "2353"]
[PlyCount "83"]
[EventDate "2008.??.??"]
[EventType "corr"]
[SourceDate "2008.05.08"]

1. d4 d5 2. c4 c6 3. Nf3 e6 4. Nc3 dxc4 5. a4 Bb4 6. e3 b5 7. Bd2 a5 8. axb5
Bxc3 9. Bxc3 cxb5 10. b3 Bb7 11. bxc4 b4 12. Bb2 Nf6 13. Bd3 Nbd7 14. O-O O-O
15. Nd2 Qc7 16. Bc2 e5 17. d5 Nb6 18. Rc1 a4 19. f4 b3 20. Bb1 Nfd7 21. Ba3 f5
22. Nf3 e4 23. Nd4 Rf7 24. Ne6 Qc8 25. Qd4 Ba6 26. c5 Bxf1 27. cxb6 Qa6 28. b7
Qxb7 29. Kxf1 Nf6 30. d6 Qd7 31. Qc4 Kh8 32. h3 h5 33. Ke2 h4 34. Kf2 Ne8 35.
Qd5 Ra7 36. Nd4 Ra6 37. Rc6 Rxc6 38. Nxc6 Nf6 39. Qc4 Rf8 40. Ne5 Qd8 41. d7
Nxd7 42. Nxd7 1-0

[Event "20MCR_F"]
[Site "?"]
[Date "????.??.??"]
[Round "?"]
[White "Hybl, Vladislav"]
[Black "Mateka, Petr"]
[Result "1/2-1/2"]
[WhiteElo "2315"]
[BlackElo "2330"]
[PlyCount "75"]
[EventDate "2008.??.??"]
[EventType "corr"]
[SourceDate "2008.05.08"]

1. e4 e5 2. Nf3 Nc6 3. Bb5 a6 4. Ba4 Nf6 5. O-O Be7 6. Re1 b5 7. Bb3 O-O 8. c3
d6 9. h3 Na5 10. Bc2 c5 11. d4 Qc7 12. Nbd2 cxd4 13. cxd4 Nc6 14. Nb3 a5 15.
Be3 a4 16. Nbd2 Bd7 17. Rc1 Rac8 18. Nf1 Qb8 19. Bb1 Na5 20. Rxc8 Rxc8 21. Bg5
Be6 22. Ne3 h6 23. Bh4 Nc4 24. Nxc4 bxc4 25. Qxa4 g5 26. Bg3 Qxb2 27. dxe5 dxe5
28. Bxe5 c3 29. Qc2 Qxc2 30. Bxc2 Nd7 31. Bg3 Bxa2 32. Nd4 Bc4 33. Nf5 Bf8 34.
Nd6 Rc6 35. Nxc4 Rxc4 36. Kf1 Rc8 37. Ke2 Nc5 38. Ra1 1/2-1/2

[Event "20MCR_F"]
[Site "?"]
[Date "????.??.??"]
[Round "?"]
[White "Laurenc, Petr"]
[Black "Nejtek, Jiri"]
[Result "1/2-1/2"]
[WhiteElo "2414"]
[BlackElo "2374"]
[PlyCount "137"]
[EventDate "2008.??.??"]
[EventType "corr"]
[SourceDate "2008.05.08"]

1. d4 Nf6 2. c4 g6 3. Nc3 Bg7 4. e4 d6 5. f3 O-O 6. Be3 Nc6 7. Nge2 a6 8. Qd2
Rb8 9. Nc1 e5 10. d5 Nd4 11. N1e2 Nxe2 12. Bxe2 Nh5 13. O-O-O f5 14. Kb1 Bd7
15. Bd3 Kh8 16. c5 Qe7 17. exf5 gxf5 18. Bc2 Nf6 19. cxd6 cxd6 20. Bb6 Rbc8 21.
Rhf1 Rfe8 22. Qf2 Bf8 23. g3 Qf7 24. Ba5 b5 25. h3 Be7 26. g4 Bd8 27. Bxd8
Rexd8 28. Qb6 Qf8 29. gxf5 Rb8 30. Qxa6 b4 31. Ne4 Bxf5 32. h4 Bg6 33. Qe2 Rdc8
34. Rg1 Rc7 35. Ka1 Qe7 36. Qg2 Nxe4 37. fxe4 Qxh4 38. Rh1 Qf6 39. Bb1 Kg8 40.
Rdf1 Qe7 41. Rf3 Rf8 42. Rg3 Qd8 43. Qh3 Rf6 44. Rb3 Qb8 45. Qh4 Rf8 46. Rg3
Qe8 47. Rhg1 Rf4 48. Qh6 Qf8 49. Qh3 Rf6 50. Rb3 Rc4 51. Bd3 Rd4 52. Bc2 Rc4
53. Bb1 Qf7 54. Qd3 Qc7 55. Qd2 Qa7 56. Rbg3 Qf2 57. Qh6 Rc7 58. R3g2 Qf3 59.
Rxg6+ Rxg6 60. Rxg6+ hxg6 61. Qxg6+ Rg7 62. Qe6+ Kh7 63. Qxd6 Rg1 64. Qc7+ Kg8
65. Qc8+ Kg7 66. Qb7+ Kg8 67. Qb8+ Kf7 68. Qxe5 Qf1 69. Qe6+ 1/2-1/2